Estadísticas para Prueba de Haití

Haz click aquí para intentar la prueba.

Estadísticas generales

  • Esta prueba ha sido intentada 494 veces
  • La puntuación promedio es 13 de 20

Estadísticas de respuestas

PistaRespuesta% Correcto
Haití está en este marMar Caribe
99%
El único país que limita con HaitíRepública Dominicana
98%
Idiomas oficialesFrances
97%
Tipo de desastre natural que mató
a más de 100.000 personas en 2010
Terremoto
96%
CapitalPuerto Príncipe
93%
Esa isla es parte de este grupo de islas{Antillas} Mayores
91%
País que ocupó Haití, 1915-1934Estados Unidos
81%
Isla compartida con ese paísLa Española
80%
Idiomas oficialesCriollo haitiano
78%
País que recientemente pasó a Haití como el país
con la peor pobreza absoluta de las Américas
Venezuela
68%
Al número total más cercano, el porcentaje de haitianos que son de ascendencia africana100
67%
Fundador del primer asentamiento europeo, La NavidadCristobal Colon
53%
La religión africana que se fusionó con las creencias católicasVudu
52%
La isla que una vez fue un refugio para los piratas
(pista: un animal)
Isla de la Tortuga
47%
Padre e hijo que fueron dictadores de Haití{Papa} Doc
45%
Padre e hijo que fueron dictadores de Haití{Bebe} Doc
32%
El primer presidente de Haití elegido democráticamente, en 1991Jean-Bertrand
{Aristide}
25%
Nombre colonial de HaitíSaint-{Domingue}
25%
Líder de la revolución haitianaToussaint Louverture
24%
El ex cantante de "Fugees" que intentó presentarse a la presidencia en 2010Wyclef Jean
24%

Distribución de puntuación

Porcentaje por número respondido

Porcentaje de gente con cada puntuación

Historial de tus puntuaciones

No has intentado esta prueba.